दुनिया मेरे आगे / (Record no. 112117)

MARC details
000 -LEADER
fixed length control field 00972nam a22002537a 4500
005 - DATE AND TIME OF LATEST TRANSACTION
control field 20170124102934.0
010 ## - LIBRARY OF CONGRESS CONTROL NUMBER
LC control number A-985720
020 ## - INTERNATIONAL STANDARD BOOK NUMBER
Terms of availability 100.00
035 ## - SYSTEM CONTROL NUMBER
System control number A-985720
037 ## - SOURCE OF ACQUISITION
Source of stock number/acquisition Cen Lib/Ret
040 ## - CATALOGING SOURCE
Original cataloging agency DPL
Language of cataloging HN
082 ## - DEWEY DECIMAL CLASSIFICATION NUMBER
Classification number 827
Item number यात्रीसे
100 ## - MAIN ENTRY--PERSONAL NAME
Personal name यात्री, से ० रा ०
9 (RLIN) 45982
245 ## - TITLE STATEMENT
Title दुनिया मेरे आगे /
Statement of responsibility, etc से ० रा ० यात्री
246 ## - VARYING FORM OF TITLE
Title proper/short title Duniya mere aage /
Remainder of title by Se. Ra. Yatri
260 ## - PUBLICATION, DISTRIBUTION, ETC. (IMPRINT)
Place of publication, distribution, etc दिल्ली
Name of publisher, distributor, etc आखिल भारतीय
Date of publication, distribution, etc 1999
270 ## - ADDRESS
Address 3014, चरखेवालान
City दिल्ली
Postal code 110006
300 ## - PHYSICAL DESCRIPTION
Extent 112पृ.
Dimensions 21सेमी (सजिल्द)
650 ## - SUBJECT ADDED ENTRY--TOPICAL TERM
Topical term or geographic name as entry element हिंदी साहित्य
9 (RLIN) 47432
650 ## - SUBJECT ADDED ENTRY--TOPICAL TERM
Topical term or geographic name as entry element हिंदी आलोचना
9 (RLIN) 7
650 ## - SUBJECT ADDED ENTRY--TOPICAL TERM
Topical term or geographic name as entry element Hindi literature
9 (RLIN) 47433
650 ## - SUBJECT ADDED ENTRY--TOPICAL TERM
Topical term or geographic name as entry element Hindi criticism
9 (RLIN) 42688
942 ## - ADDED ENTRY ELEMENTS (KOHA)
Source of classification or shelving scheme Dewey Decimal Classification
Koha item type Hindi Books
Classification part 827
Call number suffix यात्रीसे
Holdings
Withdrawn status Lost status Damaged status Not for loan Home library Current library Date acquired Source of acquisition Cost, normal purchase price Total Checkouts Full call number Barcode Date last seen Copy number Cost, replacement price Price effective from Koha item type
        Central Library Central Library 07/08/2015 Cen Lib/Ret 100.00   827 यात्रीसे A-985720 07/08/2015 1 100.00 15/09/2016 Hindi Books

© Delhi Public Library
Hit Counter
free hit counter